| 000 | 00568cam a2200169 a 4500 | ||
|---|---|---|---|
| 020 | _a0890067937 (alk. paper) | ||
| 082 | 0 | 0 |
_a623.893 _bKAP _cN-01, P-118 |
| 245 | 0 | 0 |
_aUnderstanding GPS : _bprinciples and applications / _cElliott D. Kaplan, editor. |
| 260 |
_aBoston : _bArtech House, _cc1996. |
||
| 300 |
_axv, 554 p. : _bill. ; _c24 cm. |
||
| 526 |
_a0 _b0 _c0 _d623_893000000000000_KAP |
||
| 526 |
_a0 _b0 _c0 _d623_893000000000000_KAP |
||
| 650 | 0 |
_aGlobal Positioning System. _921037 |
|
| 650 | 0 |
_aNUST _96342 |
|
| 700 | 1 |
_aKaplan, Elliott D. _924834 |
|
| 942 |
_2ddc _cBK |
||
| 999 |
_c546078 _d546078 |
||